| Tag |
First Indicator |
Second Indicator |
Subfields |
| LEADER |
00000cam a2200000 a 4500 |
| 001 |
in00001224708 |
| 005 |
20151002093927.0 |
| 008 |
941221s1994 ne a b 101 0 eng d |
| 020 |
|
|
|a 9066052767
|
| 035 |
|
|
|a (OCoLC)31725216
|
| 035 |
|
|
|9 AGQ6385AM
|
| 040 |
|
|
|a VPI
|c VPI
|d TXA
|d UtOrBLW
|
| 049 |
|
|
|a TXAM
|
| 090 |
|
|
|a SB950.93
|b .S96 1993
|
| 111 |
2 |
|
|a Symposium on Engineering as a Tool to Reduce Pesticide Consumption and Operator Hazards in Horticulture
|d (1993 :
|c Ulvik, Norway)
|
| 245 |
1 |
0 |
|a Symposium on Engineering as a Tool to Reduce Pesticide Consumption and Operator Hazards in Horticulture :
|b August 10-12, 1993, Hjeltnes Horticultural College, Ulvik, Norway /
|c arranging committee: Reidar Holmøy (convener) [and others].
|
| 264 |
|
1 |
|a [Wageningen, Netherlands] :
|b International Society for Horticultural Science,
|c 1994.
|
| 300 |
|
|
|a 262 pages :
|b illustrations ;
|c 24 cm.
|
| 336 |
|
|
|a text
|b txt
|2 rdacontent
|
| 337 |
|
|
|a unmediated
|b n
|2 rdamedia
|
| 338 |
|
|
|a volume
|b nc
|2 rdacarrier
|
| 490 |
1 |
|
|a Acta horticulturae ;
|v no. 372
|
| 500 |
|
|
|a "Commission Horticultural Engineering, Commission Plant Protection."
|
| 500 |
|
|
|a Errata sheet laid in.
|
| 500 |
|
|
|a "August 1994."--Cover.
|
| 504 |
|
|
|a Includes bibliographical references and index.
|
| 650 |
|
0 |
|a Pesticides
|x Environmental aspects
|v Congresses.
|
| 650 |
|
0 |
|a Pesticides
|x Application
|x Congresses.
|
| 650 |
|
0 |
|a Weeds
|x Control
|v Congresses.
|
| 700 |
1 |
|
|a Holmøy, Reidar.
|
| 710 |
2 |
|
|a International Society for Horticultural Science.
|b Commission Horticultural Engineering.
|
| 710 |
2 |
|
|a International Society for Horticultural Science.
|b Commission on Plant Protection.
|
| 830 |
|
0 |
|a Acta horticulturae ;
|v no. 372.
|
| 999 |
|
|
|a MARS
|
| 999 |
f |
f |
|s a6b7c8fe-25bb-39f2-898d-b99977c430b6
|i 9923de5f-1c4a-3221-a54f-67bda620bd26
|t 0
|
| 952 |
f |
f |
|p ric
|a Texas A&M University
|b Rellis Campus
|c Joint Library Facility
|d Remote Storage
|t 0
|e SB950.93 .S96 1993
|h Library of Congress classification
|i unmediated -- volume
|m A14818875042
|
| 998 |
f |
f |
|a SB950.93 .S96 1993
|t 0
|l Remote Storage
|